Statistics for Generator Puzzle #13

Click here to take the quiz!

General Stats

  • This quiz has been taken 475 times
  • The average score is 12 of 21

Answer Stats

Hint Answer % Correct
LabyrinthMaze
86%
The Apprentice's DonaldTrump
84%
CornMaize
84%
AwardPrize
81%
Eject lava and ashErupt
79%
SpeechlessMute
76%
Factual, accurateTrue
76%
Sports refereeUmpire
74%
Fully developedMature
73%
Long John Silver, eg.Pirate
70%
Monkey, ape, human, eg.Primate
67%
Baby stroller (Brit.)Pram
66%
6th Greek letterZeta
51%
Deep-fried vegetables (Japan)Tempura
46%
Long jettyPier
44%
DRC, formerlyZaire
41%
Give authorizationPermit
38%
Be worthy of, deserveMerit
36%
Pig-like mammalTapir
28%
Open-roofed entrance hallAtrium
20%
9-letter wordTRAPEZIUM
13%

Score Distribution

Percentile by Number Answered

Percent of People with Each Score

Your Score History

You have not taken this quiz